<?xml version="1.0" encoding="UTF-8"?>
<record
    xmlns:xsi="http://www.w3.org/2001/XMLSchema-instance"
    xsi:schemaLocation="http://www.loc.gov/MARC21/slim http://www.loc.gov/standards/marcxml/schema/MARC21slim.xsd"
    xmlns="http://www.loc.gov/MARC21/slim">

  <leader>00671nam a22001697a 4500</leader>
  <controlfield tag="008">160120b        xxu||||| |||| 00| 0 eng d</controlfield>
  <datafield tag="020" ind1=" " ind2=" ">
    <subfield code="a">9786120018941</subfield>
  </datafield>
  <datafield tag="082" ind1=" " ind2=" ">
    <subfield code="a">708</subfield>
    <subfield code="b">Z631s</subfield>
  </datafield>
  <datafield tag="100" ind1=" " ind2=" ">
    <subfield code="a">Lopez, Miguel A.</subfield>
    <subfield code="9">4463</subfield>
  </datafield>
  <datafield tag="245" ind1=" " ind2=" ">
    <subfield code="a">Sergio Zevallos </subfield>
    <subfield code="b">La Muerte obscena : Dibujos 1982-1987</subfield>
    <subfield code="c">Miguel A. Lopez </subfield>
  </datafield>
  <datafield tag="260" ind1=" " ind2=" ">
    <subfield code="a">Lima, Per&#xFA;</subfield>
    <subfield code="b">Proyecto AMIL</subfield>
    <subfield code="c">2015</subfield>
  </datafield>
  <datafield tag="300" ind1=" " ind2=" ">
    <subfield code="a"> (unpaged)</subfield>
    <subfield code="b">ill; col</subfield>
    <subfield code="c">30 cm</subfield>
  </datafield>
  <datafield tag="500" ind1=" " ind2=" ">
    <subfield code="a">Acompa&#xF1;a un libro de Textos.</subfield>
  </datafield>
  <datafield tag="505" ind1=" " ind2=" ">
    <subfield code="t">Rosas</subfield>
    <subfield code="t">Que tu carne es  el cielo reci&#xE9;n nacido </subfield>
    <subfield code="t">Altares </subfield>
    <subfield code="t">Sangre y Ceniza. Variaciones sobre la bandera</subfield>
  </datafield>
  <datafield tag="650" ind1=" " ind2=" ">
    <subfield code="2">Arte Contemporaneo</subfield>
    <subfield code="a">Sergio Zevallos </subfield>
    <subfield code="x">Exhibiciones </subfield>
    <subfield code="z">Per&#xFA;</subfield>
    <subfield code="9">4464</subfield>
  </datafield>
  <datafield tag="700" ind1=" " ind2=" ">
    <subfield code="a">Lopez, Miguel A.</subfield>
    <subfield code="9">4465</subfield>
  </datafield>
  <datafield tag="999" ind1=" " ind2=" ">
    <subfield code="c">821</subfield>
    <subfield code="d">821</subfield>
  </datafield>
  <datafield tag="952" ind1=" " ind2=" ">
    <subfield code="0">0</subfield>
    <subfield code="1">0</subfield>
    <subfield code="2">ddc</subfield>
    <subfield code="4">0</subfield>
    <subfield code="7">0</subfield>
    <subfield code="a">LV</subfield>
    <subfield code="b">LV</subfield>
    <subfield code="c">Monograf&#xED;as</subfield>
    <subfield code="d">2016-01-20</subfield>
    <subfield code="l">0</subfield>
    <subfield code="o">708 Z631s</subfield>
    <subfield code="p">004139</subfield>
    <subfield code="r">2016-01-20 00:00:00</subfield>
    <subfield code="w">2016-01-20</subfield>
    <subfield code="y">01</subfield>
  </datafield>
</record>
